ბათუმის შოთა რუსთაველის სახელმწიფო უნივერსიტეტის ბიბლიოთეკა

ჩანაწერი Personal Name

ჩანაწერთა რაოდენობა, რომელიც გამოყენებულია: 1

001 - CONTROL NUMBER

  • control field: 11659

003 - CONTROL NUMBER IDENTIFIER

  • control field: GE_BSU

005 - DATE AND TIME OF LATEST TRANSACTION

  • control field: 20210427142632.0

008 - FIXED-LENGTH DATA ELEMENTS

  • fixed length control field: 210427|| aca||aabn | a|a d

040 ## - CATALOGING SOURCE

  • Original cataloging agency: GE_BSU
  • Transcribing agency: GE_BSU

100 ## - HEADING--PERSONAL NAME

  • Personal name: მანია, მაკა

670 ## - SOURCE DATA FOUND

  • Source citation: Work cat.: (GE_BSU)51758: მანია, მაკა, მეტაბოლური სინდრომის განვითარების რისკი ვალპრომის მჟავითი ეპილეფსიის მონოთერაპიის დროს /